Countries with highest deforestation rates - Statistics

General Stats
  • This quiz has been taken 60 times
  • The average score is 7 of 10
Answer Stats
Forest area cut in Hectares Answer % Correct
3466000 Brazil
98%
532200 Russia
91%
215200 USA
89%
1447800 Indonesia
84%
395000 Mexico
79%
224600 Peru
71%
82000 Nigeria
61%
135200 Bolivia
54%
117807 Sudan
25%
250200 Papua New Guinea
23%
No matching quizzes found
Score Distribution
Percent of People with Each Score
Percentile by Number Answered
Your Score History
You have not taken this quiz